000 00911nam a22002537a 4500
005 20241128111329.0
010 _aENG-142696
020 _c785.00
_a9789361596124
035 _aEN-126228
037 _bDBAD
082 _a658.401
_216
100 _aBamford, Charles E.
_974185
245 _aStrategic Management and Business Policy:
_bGlobalization, Innovation and Sustainability/
_cBy Charles E. Bamford...[et.al]
250 _a16
260 _aUttar Pradesh
_bPearson India Education Pvt Ltd
_c2025
270 _bUttar Pradesh
_a1st FLoor, Berger Tower, Plot No. C-001A/2, Sector-16B, Noida
_e201301
300 _avpp.
_c25cm(pb)
_bIndex
500 _a
700 _aHoffman, Alan N.
_eAuthor
_974186
700 _aWheelen, Thomas L.
_eAuthor
_974187
700 _aHunger, J. David
_eAuthor
_974188
700 _aKansal, Purva
_eAuthor
_974189
942 _2ddc
_cEN
_h658.401
_mBAM
_e16
999 _c207112
_d207112